New Civil Engineer Contractors File 2008 (Record no. 80594)

MARC details
000 -LEADER
fixed length control field 00885cab a2200217 4500
001 - CONTROL NUMBER
control field L144798
008 - FIXED-LENGTH DATA ELEMENTS--GENERAL INFORMATION
fixed length control field 080811s2008 xxko s 000 0 eng u
035 ## - SYSTEM CONTROL NUMBER
System control number (Sirsi) u144798
041 0# - LANGUAGE CODE
Language code of text/sound track or separate title eng
100 1# - MAIN ENTRY--PERSONAL NAME
Personal name Hansford, Mark
245 00 - TITLE STATEMENT
Title New Civil Engineer Contractors File 2008
260 ## - PUBLICATION, DISTRIBUTION, ETC.
Date of publication, distribution, etc. 2006
490 #0 - SERIES STATEMENT
Series statement New Civil Engineer
Volume/sequential designation supplement 2008
520 ## - SUMMARY, ETC.
Summary, etc. Contains alphabetical listing of construction companies, and tables including; UK civil engineering turnover, overall turnover, UK civil engineering operating profit, pretax profit, total staff and engineering staff, buildings, and work in hand. Includes analysis, and articles about the New Civil Engineer contractors of the year.
651 #4 - SUBJECT ADDED ENTRY--GEOGRAPHIC NAME
Geographic name United Kingdom
Chronological subdivision
690 ## - LOCAL SUBJECT ADDED ENTRY--TOPICAL TERM (OCLC, RLIN)
Topical term or geographic name as entry element BUILT ENVIRONMENT-CONSTRUCTION MARKET
700 1# - ADDED ENTRY--PERSONAL NAME
Personal name Beales, Rosemary
700 1# - ADDED ENTRY--PERSONAL NAME
Personal name Turner, Jim
700 1# - ADDED ENTRY--PERSONAL NAME
Personal name Handley, Lucy
942 ## - ADDED ENTRY ELEMENTS (KOHA)
Suppress in OPAC 0
Holdings
Withdrawn status Lost status Source of classification or shelving scheme Damaged status Not for loan Home library Current library Shelving location Date acquired Total Checkouts Full call number Barcode Date last seen Copy number Price effective from Koha item type
    Dewey Decimal Classification     London London Journal article 11/08/2008   L144798 30071250 06/08/2019 1 06/08/2019 Journal article